000 00412nam a2200181Ia 4500
001 4952
005 20260306145832.0
008 260306t2007||||xx |||||||||||||| ||spa||
041 _aESP
082 _a332.042
_bR17
100 _aRahnema, Ahmad
_eAUT
245 0 _aFinanzas internacionales
260 _c2007
300 _a395 páginas :
_ccm.
650 _aGEN
654 _aCAN
942 _cLIB
_dJUS
_fJUS
_2ddc
_n
999 _c4952
_d4952